La dirección de los actores : diccionario mínimo /

Bibliographic Details
Main Author: Melendres, Jaume
Format: Libro
Language:Spanish
Published: Madrid, España Asociación de Directores de Escena de España 2000
Edition:1a.ed.
Subjects:
Online Access:

MARC

LEADER 00000cam a2200000 a 4500
001 020192
003 UAHC_CL
005 20170803121842.0
008 031120b2000 sp g 000 spa
020 |a 8487591973 
040 |a UAHC_CL  |c UAHC_CL  |d UAHC_CL 
100 1 |a Melendres, Jaume 
245 1 3 |a La dirección de los actores :  |b diccionario mínimo /  |c de Jaume Melendres. 
250 |a 1a.ed. 
260 |b Asociación de Directores de Escena de España  |c 2000  |a Madrid, España 
300 |a 165 p. 
650 4 |a ACTUACION 
650 4 |a ACTUACION TEATRAL  |x DICCIONARIOS 
653 |a Danza 
658 |a Bunster, Manuela 
900 |a 792.02 MEL 
942 |c BK 
952 |0 0  |1 0  |4 0  |6 792_020000000000000_MEL  |7 0  |8 General  |9 40523  |a BS  |b BS  |c General  |d 2017-08-03  |l 0  |o 792.02 MEL  |p 1341278  |r 2025-11-26 00:00:00  |t 1  |w 2017-08-03  |y BK 
952 |0 0  |1 0  |4 0  |6 792_020000000000000_MEL  |7 0  |8 General  |9 40524  |a BS  |b BS  |c General  |d 2017-08-03  |l 0  |o 792.02 MEL  |p 1341279  |r 2025-11-26 00:00:00  |t 2  |w 2017-08-03  |y BK 
999 |c 20192  |d 20192